Countries by Mountain Range - Statistics

General Stats
  • This quiz has been taken 1,459 times
    979 since last reset
  • The average score is 40 of 45
Answer Stats
Mountain Range Country % Correct
Himalayas China
99%
Himalayas Nepal
99%
Himalayas India
98%
Alps, Pyrenees France
97%
Alps Switzerland
96%
Andes Argentina
95%
Andes Chile
95%
Alps Italy
95%
Himalayas Pakistan
95%
Ural, Caucasus Russia
95%
Alps Austria
94%
Alps Germany
94%
Andes Peru
94%
Himalayas Bhutan
93%
Andes Bolivia
93%
Rockies Canada
93%
Scandinavian Norway
93%
Pyrenees Spain
93%
Scandinavian Sweden
93%
Rockies United States
93%
Scandinavian Finland
92%
Andes Colombia
91%
Andes Ecuador
91%
Pyrenees Andorra
90%
Himalayas Afghanistan
88%
Alps Liechtenstein
87%
Alps Slovenia
87%
Andes Venezuela
86%
Caucasus Armenia
85%
Caucasus Georgia
85%
Caucasus Azerbaijan
84%
Ural Kazakhstan
84%
Carpathian Romania
84%
Carpathian Hungary
83%
Carpathian Slovakia
83%
Caucasus Turkey
83%
Carpathian Ukraine
82%
Carpathian Czech Republic
79%
Caucasus Iran
79%
Carpathian Poland
78%
Atlas Morocco
75%
Carpathian Serbia
75%
Atlas Algeria
74%
Himalayas Myanmar
73%
Atlas Tunisia
70%
No matching quizzes found
Score Distribution
Percent of People with Each Score
Percentile by Number Answered
Your Score History
You have not taken this quiz since the last reset